Art chalk/techniques and inspiration for creating art with chalk (Record no. 9440)

000 -LEADER
fixed length control field 00406nam a2200133 4500
003 - CONTROL NUMBER IDENTIFIER
control field OSt
005 - DATE AND TIME OF LATEST TRANSACTION
control field 20210421120619.0
008 - FIXED-LENGTH DATA ELEMENTS--GENERAL INFORMATION
fixed length control field 210421b ||||| |||| 00| 0 eng d
020 ## - INTERNATIONAL STANDARD BOOK NUMBER
International Standard Book Number 9781631590665
082 ## - DEWEY DECIMAL CLASSIFICATION NUMBER
Classification number 741.23
Item number STU
245 ## - TITLE STATEMENT
Title Art chalk/techniques and inspiration for creating art with chalk
260 ## - PUBLICATION, DISTRIBUTION, ETC. (IMPRINT)
Place of publication, distribution, etc Tracy lee stum art chalk techniques and inspiration for creating art with chalk
942 ## - ADDED ENTRY ELEMENTS (KOHA)
Source of classification or shelving scheme
Holdings
Withdrawn status Lost status Source of classification or shelving scheme Damaged status Koha normalized classification for sorting Not for loan Permanent location Current location Date acquired Full call number Barcode Date last seen Price effective from Koha item type
        741_230000000000000_STU   BMS College of Architecture, Design and Planning BMS College of Architecture, Design and Planning 2021-04-21 741.23 STU AR-UG2242 2021-04-21 2021-04-21 UG Books
Copyright © 2025, The Librarian, Library and Information Centre, BMSCA D&P, Bengaluru. All Rights Reserved
web counter

Powered by Koha